El gráfico Gantt en la dirección de empresas industriales y comerciales / (Record no. 44919)

MARC details
000 -LEADER
campo de control de longitud fija 00872nam a2200229 i 4500
001 - NÚMERO DE CONTROL
campo de control 44919
003 - IDENTIFICADOR DE NÚMERO DE CONTROL
campo de control ES-MaACL
005 - FECHA Y HORA DE LA ÚLTIMA TRANSACCIÓN
campo de control 20250902082254.0
007 - CAMPO FIJO DE DESCRIPCIÓN FÍSICA--INFORMACIÓN GENERAL
campo de control de longitud fija t|
008 - DATOS DE LONGITUD FIJA--INFORMACIÓN GENERAL
campo de control de longitud fija 030324s1954 sp ||||1| spa d
100 1# - ENTRADA PRINCIPAL--NOMBRE DE PERSONA
Nombre de persona Clark, Wallace.
9 (RLIN) 39051
245 13 - MENCIÓN DEL TÍTULO
Título El gráfico Gantt en la dirección de empresas industriales y comerciales /
Mención de responsabilidad, etc. Wallace Clark ; traducido y adaptado del original inglés por Damián Aragonés ; presentada por César de Madariaga.
250 ## - MENCION DE EDICION
Mención de edición 3ª ed.
260 ## - PUBLICACIÓN, DISTRIBUCIÓN, ETC.
Lugar de publicación, distribución, etc. Barcelona :
Nombre del editor, distribuidor, etc. José Montesó,
Fecha de publicación, distribución, etc. 1954 (
Fabricante Agustín Núñez)
300 ## - DESCRIPCIÓN FÍSICA
Extensión 208 p. :
Otras características físicas il. ;
Dimensiones 22 cm.
490 1# - MENCIÓN DE SERIE
Mención de serie Biblioteca del hombre de negocios moderno
700 1# - ENTRADA AGREGADA--NOMBRE PERSONAL
Nombre de persona Aragonés, Damián.
9 (RLIN) 22198
700 1# - ENTRADA AGREGADA--NOMBRE PERSONAL
Nombre de persona Madariaga, César de.
9 (RLIN) 75282
830 00 - PUNTO DE ACCESO ADICIONAL DE SERIE-TÍTULO UNIFORME
Título uniforme Biblioteca del hombre de negocios moderno
9 (RLIN) 182038
852 ## - LOCALIZACIÓN
Ubicación ES-MaACL
Número de control de estantería C-11292
Sublocalización o colección R.39531
Holdings
Estatus retirado Estado de pérdida Estado de daño No para préstamo Biblioteca de origen Biblioteca actual Ubicación en estantería Fecha de adquisición Fuente de adquisición Total de préstamos Signatura topográfica completa Código de barras Visto por última vez Precio de reemplazo Tipo de ítem Koha
        Biblioteca del Ateneo de Madrid Biblioteca del Ateneo de Madrid Sala Palomar 17/01/2008     C-11292 1047276 23/02/2023 23/02/2023 Libro impreso